000 00270nam a2200109Ia 4500
008 190216s9999||||xx |||||||||||||| ||und||
100 _aOlson
245 4 _aThe Theory And Practice Of International Relations
260 _bPrentice Hall
650 _aHistory
942 _cBK
999 _c20012
_d20012